| 000 | 01667cam a2200361 i 4500 | ||
|---|---|---|---|
| 001 | 991061335165506706 | ||
| 003 | ES-BaIT | ||
| 005 | 20250703141500.0 | ||
| 008 | 250513e202412 spc 000 d cat c | ||
| 015 |
_aLL2025 _2bnc |
||
| 017 |
_aDL T 1224-2024 _bBiblioteca de Catalunya |
||
| 020 | _a9788412983111 | ||
| 040 |
_aES-BaBC _bcat _erda _cES-BaBC |
||
| 080 | _a849.9-2"20" | ||
| 080 |
_a821.134.1-2 _x"20" _22004 |
||
| 100 | 1 |
_aMiró Coromina, Josep Maria, _d1977- _eautor _934005 |
|
| 245 | 1 | 3 |
_aLa Majordoma / _cJosep Maria Miró |
| 250 | _a1a edició | ||
| 264 | 1 |
_aTarragona : _bArola Editors, _cdesembre de 2024 |
|
| 300 |
_a65 pàgines ; _c17 cm |
||
| 336 |
_atext _btxt _2rdacontent |
||
| 337 |
_asense mediació _bn _2rdamedia |
||
| 338 |
_avolum _bnc _2rdacarrier |
||
| 490 | 1 |
_aTextos a part. Teatre contemporani ; _v255 |
|
| 500 | _aP1: D1 | ||
| 500 | _aEstrena 2025-01-28 Sala Heartbreak Hotel (Barcelona), direcció Josep Maria Miró | ||
| 520 | _a"Una dona torna al pis d'on va escapar fa gairebé tres dècades. Va abandonar el seu marit i el seu fill el dia abans que complís quatre anys. Ara es fa dir <La Majordoma > després d'haver-se convertit en la persona que portava el pòndol de la casa del mossèn d'un petit poble de muntanya. La Majordoma és el segon text del Tríptic de l'epifania, integrat per tres obres per a un únic intèrpret que Josep Maria Miró va iniciar amb El cos més bonic que s'haurà trobat mai en aquest lloc." -- Web editor | ||
| 586 | _aIII Beca Carme Montoriol 2021 | ||
| 830 | 0 |
_aTextos a part. _pTeatre contemporani _v255 _963285 |
|
| 908 |
_aCDMAE _aBC |
||
| 940 | _aCVA2 | ||
| 942 |
_2udc _c1 |
||
| 999 |
_c136300 _d136300 |
||